000 00873nam a2200253Ia 4500
003 OSt
005 20220927105901.0
006 a|||||r|||| 00| 0
007 ta
008 220926b |||||||| |||| 00| 0 eng d
024 _a65309
037 _cReference Collections
040 _aRTL
_cRTL
_beng
041 _2eng
_aeng
082 _a"X425.1.N7, L3"
110 _aOrganisation for Economic Cooperation and Development. Maritime Transport (Committee)
_9375562
245 0 _aMaritime transport
260 _aParis
_bOrganisation for Economic Cooperation and Development
_c1973
300 _a142p.
_ccm.
650 _aOceanic Transport Economics
700 _aOrganisation for Economic Cooperation and Development. Maritime Transport (Committee)
_9375563
942 _h"X425.1.N7, L3"
_cCC
999 _c695077
_d695077